[Event "38. Open Ciudad de San Sebastián"]
[Site "San Sebastián ESP"]
[Date "2015.03.29"]
[Round "3.13"]
[White "Bayo Milagro, Alvaro"]
[Black "Jimenez Almeida, Luis David"]
[Result "1/2-1/2"]
[WhiteElo "1996"]
[BlackElo "2244"]
[PlyCount "176"]
[EventDate "2015.03.28"]
[EventType "swiss"]
[EventRounds "9"]
[EventCountry "ESP"]
[Source "lmi"]
[SourceDate "2015.03.28"]

1. e4 e6 2. d4 d5 3. Nd2 Be7 4. Bd3 c5 5. exd5 Qxd5 6. Ngf3 cxd4 7. O-O Nf6 8.
Bc4 Qd6 9. Re1 Nc6 10. Nb3 O-O 11. Nfxd4 Rd8 12. Be3 Nd5 13. Bxd5 Qxd5 14. Qe2
Nxd4 15. Bxd4 b6 16. Rad1 Bb7 17. Qg4 Qg5 18. Qxg5 Bxg5 19. Rd3 Rac8 20. Rc3
Bd5 21. Rxc8 Rxc8 22. Bc3 a5 23. a3 Be7 24. Re3 f6 25. Kf1 e5 26. f3 Kf7 27.
Ke1 Be6 28. Kd1 h5 29. Kc1 h4 30. h3 Bc4 31. Nd2 Ba6 32. Re1 Rd8 33. Ne4 Bc4
34. Nd2 Be6 35. Nf1 Bc5 36. Ne3 Bc8 37. b4 axb4 38. axb4 Be7 39. Nc4 b5 40. Ne3
Be6 41. Bd2 Ra8 42. Kd1 Ra2 43. Ke2 Bd8 44. Rc1 Be7 45. Ke1 Ra4 46. Rb1 Ra3 47.
Ke2 Ra7 48. Rc1 Rc7 49. Ke1 g6 50. Nd1 Rc6 51. Nb2 Bf5 52. c4 Bd7 53. c5 Ra6
54. Bc3 Bc6 55. Rc2 e4 56. fxe4 Bxe4 57. Re2 f5 58. Kf2 Ra3 59. Nd1 Rb3 60. Rb2
Ra3 61. Rd2 Ke6 62. Kf1 Rb3 63. Kf2 Ra3 64. Kf1 Ra6 65. Nf2 Bd5 66. Nd3 Bg5 67.
Re2+ Be4 68. Nf2 Kd5 69. Nxe4 fxe4 70. Be1 Kc4 71. Rc2+ Kd5 72. Ke2 Kc6 73. Bd2
Bxd2 74. Rxd2 Ra4 75. Rd6+ Kc7 76. Rd4 Ra2+ 77. Kf1 Ra1+ 78. Kf2 Ra2+ 79. Ke3
Rxg2 80. Kxe4 Rh2 81. Kf4 Rxh3 82. Kg5 Rc3 83. Rxh4 Rc4 84. Rf4 Kc6 85. Kg4 Kd5
86. Kf3 g5 87. Rg4 Kc6 88. Re4 Kd5 1/2-1/2

[Event "38. Open Ciudad de San Sebastián"]
[Site "San Sebastián ESP"]
[Date "2015.03.29"]
[Round "3.14"]
[White "Iagar, Razvan-gabriel"]
[Black "Arvidsson, Jonas"]
[Result "1-0"]
[WhiteElo "2189"]
[BlackElo "1926"]
[PlyCount "83"]
[EventDate "2015.03.28"]
[EventType "swiss"]
[EventRounds "9"]
[EventCountry "ESP"]
[Source "lmi"]
[SourceDate "2015.03.28"]

1. d4 Nf6 2. c4 c5 3. d5 b5 4. Qc2 Bb7 5. e4 bxc4 6. Bxc4 e6 7. Nc3 exd5 8.
exd5 d6 9. Nf3 Be7 10. Bf4 O-O 11. Rd1 Nbd7 12. O-O Nb6 13. b3 a6 14. Rfe1 Re8
15. Ng5 Qd7 16. h3 h6 17. Nf3 Bf8 18. Qd3 Rxe1+ 19. Nxe1 Bc8 20. Nc2 Qf5 21.
Qxf5 Bxf5 22. Ne3 Bg6 23. Bd3 Bxd3 24. Rxd3 g6 25. Rd1 Rc8 26. Rc1 Kg7 27. f3
Re8 28. Kf2 Kh7 29. g4 Nfd7 30. Ne4 Ne5 31. Nf6+ Kh8 32. Nxe8 Nd3+ 33. Kf1 Nxc1
34. Nxd6 Kg8 35. Nec4 Nxc4 36. Nxc4 Nd3 37. Bc7 Nb4 38. d6 Nc6 39. d7 Be7 40.
Na5 Nd8 41. Bxd8 Bxd8 42. Nc6 1-0

[Event "38. Open Ciudad de San Sebastián"]
[Site "San Sebastián ESP"]
[Date "2015.03.29"]
[Round "3.15"]
[White "Arana Garate, Jon"]
[Black "Hernandez, Elvis"]
[Result "0-1"]
[WhiteElo "1859"]
[BlackElo "2308"]
[PlyCount "64"]
[EventDate "2015.03.28"]
[EventType "swiss"]
[EventRounds "9"]
[EventCountry "ESP"]
[Source "lmi"]
[SourceDate "2015.03.28"]

1. d4 d5 2. Nf3 Nf6 3. c4 dxc4 4. Nc3 a6 5. a4 e6 6. Bg5 h6 7. Bh4 Bb4 8. e3
Nbd7 9. Bxc4 c5 10. O-O cxd4 11. Nxd4 Qa5 12. Na2 Be7 13. Qc2 Ne5 14. Be2 Bd7
15. Nc3 Rc8 16. Rfc1 O-O 17. Bg3 Nc6 18. Nxc6 Bxc6 19. Rd1 Rfd8 20. Rxd8+ Rxd8
21. Rd1 Rxd1+ 22. Bxd1 Nd7 23. Qd3 Qb4 24. f3 Qxb2 25. Ne4 Qc1 26. Kf2 Nc5 27.
Nxc5 Bxc5 28. Be5 Bxe3+ 29. Ke2 Bb6 30. Bc2 g6 31. Bd1 Qc5 32. Bb3 Qxe5+ 0-1

[Event "38. Open Ciudad de San Sebastián"]
[Site "San Sebastián ESP"]
[Date "2015.03.29"]
[Round "3.16"]
[White "Capote Robayna, Nathaniel"]
[Black "Abalia Patino, Aritz"]
[Result "1/2-1/2"]
[WhiteElo "2277"]
[BlackElo "2049"]
[PlyCount "59"]
[EventDate "2015.03.28"]
[EventType "swiss"]
[EventRounds "9"]
[EventCountry "ESP"]
[Source "lmi"]
[SourceDate "2015.03.28"]

1. e4 c5 2. Nf3 e6 3. d4 cxd4 4. Nxd4 a6 5. Bd3 Bc5 6. Nb3 Be7 7. Nc3 Qc7 8.
O-O Nf6 9. a4 b6 10. Be3 d6 11. a5 b5 12. Bb6 Qb7 13. Re1 Nbd7 14. Bd4 e5 15.
Be3 O-O 16. Qf3 Nc5 17. h3 Nxd3 18. cxd3 Be6 19. Nd2 d5 20. Bg5 b4 21. Nxd5
Nxd5 22. exd5 Bxd5 23. Qg3 Bxg5 24. Qxg5 f6 25. Qg3 Rac8 26. Rac1 Qb5 27. Rxc8
Rxc8 28. Ne4 Bxe4 29. Rxe4 Qxa5 30. Qg4 1/2-1/2

[Event "38. Open Ciudad de San Sebastián"]
[Site "San Sebastián ESP"]
[Date "2015.03.29"]
[Round "3.17"]
[White "Sanchez Botella, Luis Javier"]
[Black "Erice Alonso, Santiago"]
[Result "1-0"]
[WhiteElo "2259"]
[BlackElo "1999"]
[PlyCount "77"]
[EventDate "2015.03.28"]
[EventType "swiss"]
[EventRounds "9"]
[EventCountry "ESP"]
[Source "lmi"]
[SourceDate "2015.03.28"]

1. Nf3 c5 2. g3 Nc6 3. Bg2 g6 4. O-O Bg7 5. c4 e5 6. Nc3 Nge7 7. d3 O-O 8. a3
d6 9. Rb1 Bg4 10. h3 Be6 11. b4 Rb8 12. Ng5 Bf5 13. b5 Na5 14. Bd2 h6 15. Nf3
b6 16. Ne1 Qd7 17. Kh2 Nb7 18. Nc2 Be6 19. Ne3 f5 20. Ned5 Nd8 21. a4 Nxd5 22.
Nxd5 Nb7 23. f4 Kh7 24. e3 Rf7 25. Qc2 Rbf8 26. Bf3 Qd8 27. Bc3 Bxd5 28. Bxd5
Re7 29. Qg2 Qc7 30. Rg1 Nd8 31. g4 exf4 32. gxf5 g5 33. Bxg7 Rxg7 34. exf4 gxf4
35. Qe4 Re7 36. Qxf4 Re2+ 37. Kh1 Rf6 38. Be4 Rxe4 39. dxe4 1-0

[Event "38. Open Ciudad de San Sebastián"]
[Site "San Sebastián ESP"]
[Date "2015.03.29"]
[Round "3.18"]
[White "Barbazan Bilbao, Xabier"]
[Black "Prosviriakov, Vladimir"]
[Result "0-1"]
[WhiteElo "2013"]
[BlackElo "2227"]
[PlyCount "116"]
[EventDate "2015.03.28"]
[EventType "swiss"]
[EventRounds "9"]
[EventCountry "ESP"]
[Source "lmi"]
[SourceDate "2015.03.28"]

1. e4 e6 2. d4 d5 3. Nd2 dxe4 4. Nxe4 Nd7 5. g3 b6 6. Bg2 Rb8 7. Ne2 Bb7 8. O-O
Ngf6 9. Nxf6+ Nxf6 10. Bxb7 Rxb7 11. Nf4 c5 12. Qf3 Rd7 13. dxc5 Bxc5 14. Nd3
Bd6 15. Bg5 h6 16. Bxf6 Qxf6 17. Qxf6 gxf6 18. Rfe1 Ke7 19. Re2 h5 20. f4 f5
21. Kg2 h4 22. Rd1 Bc5 23. Red2 Rhd8 24. Kf3 hxg3 25. hxg3 Bd4 26. c3 Bf6 27.
Ke2 Rh8 28. Kf3 Rc8 29. Nb4 Rxd2 30. Rxd2 Rc4 31. Rd3 a5 32. Nc2 Re4 33. Re3
Rxe3+ 34. Nxe3 Kd6 35. Ke2 b5 36. Kd3 Kc5 37. a3 a4 38. Kc2 Be7 39. b4+ axb3+
40. Kxb3 Bd8 41. a4 bxa4+ 42. Kxa4 Bb6 43. Kb3 f6 44. Kc2 Kd6 45. Kd3 Bxe3 46.
Kxe3 Kc5 47. Kd3 e5 48. Kd2 Kc4 49. Kc2 e4 50. Kd2 Kb3 51. Ke3 Kxc3 52. g4 fxg4
53. Kxe4 f5+ 54. Kxf5 g3 55. Ke6 g2 56. f5 g1=Q 57. f6 Qa7 58. f7 Qc5 0-1

[Event "38. Open Ciudad de San Sebastián"]
[Site "San Sebastián ESP"]
[Date "2015.03.29"]
[Round "3.19"]
[White "Prieto Aranguren, Alain"]
[Black "Rodriguez Cabrera, Fco. Javier"]
[Result "1-0"]
[WhiteElo "2216"]
[BlackElo "1869"]
[PlyCount "61"]
[EventDate "2015.03.28"]
[EventType "swiss"]
[EventRounds "9"]
[EventCountry "ESP"]
[Source "lmi"]
[SourceDate "2015.03.28"]

1. d4 d5 2. c4 c6 3. e3 Nf6 4. Nc3 e6 5. Nf3 Nbd7 6. Bd3 dxc4 7. Bxc4 Bd6 8.
O-O O-O 9. e4 e5 10. Bg5 h6 11. Bh4 Qe7 12. Re1 b5 13. Bb3 a6 14. Rc1 Rd8 15.
Bg3 b4 16. Na4 Bb7 17. Qc2 Rab8 18. dxe5 Bxe5 19. Nxe5 Nxe5 20. Qc5 Qxc5 21.
Nxc5 Re8 22. Ba4 Ba8 23. Nxa6 Rbd8 24. Nxb4 Rd4 25. Bxc6 Nxc6 26. Nxc6 Bxc6 27.
Rxc6 Rdxe4 28. Rxe4 Rxe4 29. Kf1 Kf8 30. Rc1 Nd5 31. Bd6+ 1-0

[Event "38. Open Ciudad de San Sebastián"]
[Site "San Sebastián ESP"]
[Date "2015.03.29"]
[Round "3.20"]
[White "Cross, Dominic"]
[Black "Martinez De Miguel, Pedro"]
[Result "0-1"]
[WhiteElo "1968"]
[BlackElo "2110"]
[PlyCount "44"]
[EventDate "2015.03.28"]
[EventType "swiss"]
[EventRounds "9"]
[EventCountry "ESP"]
[Source "lmi"]
[SourceDate "2015.03.28"]

1. e4 c5 2. Nf3 d6 3. Bb5+ Nc6 4. O-O Bd7 5. c3 e6 6. d4 Nf6 7. Re1 Be7 8. d5
Ne5 9. Bxd7+ Qxd7 10. b3 O-O 11. Nxe5 dxe5 12. c4 exd5 13. exd5 Bd6 14. Bb2 Qf5
15. Nc3 e4 16. Nb5 Bxh2+ 17. Kxh2 Ng4+ 18. Kg3 Qxf2+ 19. Kh3 f5 20. Qc1 f4 21.
Qc3 Rf6 22. g3 Nh2 0-1

[Event "38. Open Ciudad de San Sebastián"]
[Site "San Sebastián ESP"]
[Date "2015.03.29"]
[Round "3.21"]
[White "Ouadi, Wahbi"]
[Black "Segovia Sanchez, Antonio"]
[Result "1-0"]
[WhiteElo "1896"]
[BlackElo "2072"]
[PlyCount "55"]
[EventDate "2015.03.28"]
[EventType "swiss"]
[EventRounds "9"]
[EventCountry "ESP"]
[Source "lmi"]
[SourceDate "2015.03.28"]

1. e4 e6 2. f4 d5 3. e5 c5 4. Nf3 Ne7 5. c3 Nbc6 6. Na3 Nf5 7. Bd3 Nh6 8. O-O
Be7 9. Bc2 O-O 10. d4 f6 11. exf6 Bxf6 12. dxc5 Qe7 13. Be3 Ng4 14. Qd3 g6 15.
Bd4 e5 16. fxe5 Ncxe5 17. Nxe5 Nxe5 18. Bxe5 Qxe5 19. Rae1 Qg5 20. Bb3 Rd8 21.
Qf3 Kg7 22. Nb5 Bg4 23. Qf4 Rac8 24. Nd6 Rc6 25. Ne8+ Rxe8 26. Rxe8 Rxc5 27.
Qd6 d4 28. Qf8# 1-0

[Event "38. Open Ciudad de San Sebastián"]
[Site "San Sebastián ESP"]
[Date "2015.03.29"]
[Round "3.22"]
[White "Sadusea, Johnny"]
[Black "Mendia Rezola, Jokin"]
[Result "1-0"]
[WhiteElo "2071"]
[BlackElo "1756"]
[PlyCount "101"]
[EventDate "2015.03.28"]
[EventType "swiss"]
[EventRounds "9"]
[EventCountry "ESP"]
[Source "lmi"]
[SourceDate "2015.03.28"]

1. e4 e5 2. Nf3 Nc6 3. d4 exd4 4. Bc4 Bc5 5. O-O Nf6 6. e5 d5 7. Bb5 Ne4 8.
Nxd4 Bd7 9. Bxc6 bxc6 10. c3 O-O 11. f3 Ng5 12. f4 Ne4 13. Be3 f6 14. exf6 Qxf6
15. Nd2 Rae8 16. Nxe4 Rxe4 17. Qd2 Qg6 18. Rae1 Qg4 19. g3 h5 20. Nc2 Bd6 21.
Bxa7 Rexf4 22. Rxf4 Rxf4 23. Bf2 h4 24. Ne3 Qg6 25. Qc2 Qg5 26. Ng2 hxg3 27.
Bxg3 Rg4 28. Bxd6 cxd6 29. Qf2 Bf5 30. h4 Qg6 31. Kh2 Ra4 32. b3 Re4 33. Rxe4
dxe4 34. Ne3 Be6 35. Qg3 Qxg3+ 36. Kxg3 Kf7 37. Kf4 d5 38. Ke5 Ke7 39. b4 Kd7
40. a4 Bf7 41. a5 Kc7 42. Kd4 Bh5 43. c4 Bf7 44. b5 dxc4 45. b6+ Kb7 46. Nxc4
Bd5 47. Nd6+ Ka6 48. Nxe4 Kb7 49. Nc5+ Kb8 50. a6 Bf3 51. Nd7+ 1-0

[Event "38. Open Ciudad de San Sebastián"]
[Site "San Sebastián ESP"]
[Date "2015.03.29"]
[Round "3.23"]
[White "Lazkano Gaite, Tomas"]
[Black "Gonzalez Pereira, Asier"]
[Result "0-1"]
[WhiteElo "1708"]
[BlackElo "2068"]
[PlyCount "111"]
[EventDate "2015.03.28"]
[EventType "swiss"]
[EventRounds "9"]
[EventCountry "ESP"]
[Source "lmi"]
[SourceDate "2015.03.28"]

1. d4 Nf6 2. c4 e6 3. Nf3 Bb4+ 4. Bd2 Qe7 5. a3 Bxd2+ 6. Nbxd2 d6 7. e4 e5 8.
d5 a5 9. b4 axb4 10. axb4 Rxa1 11. Qxa1 Na6 12. Be2 O-O 13. Qc3 c5 14. dxc6
bxc6 15. O-O c5 16. b5 Nb4 17. Ra1 Bb7 18. Ra7 Ra8 19. Qa3 Qd8 20. Ng5 Qb8 21.
Rxa8 Qxa8 22. Qxa8+ Bxa8 23. f3 g6 24. Nb3 Nd7 25. Kf2 h6 26. Nh3 f5 27. Ke3
Kf8 28. Nf2 Ke7 29. g4 fxe4 30. fxe4 Kd8 31. Kd2 Nf8 32. Nc1 Ne6 33. Ncd3 Nd4
34. Nxb4 cxb4 35. Bd1 Kc7 36. h3 Kb6 37. Bc2 Ka5 38. Bb1 Ka4 39. Nd1 Kb3 40.
Ne3 Kb2 41. Bd3 Ka2 42. Kc1 Nb3+ 43. Kd1 Nc5 44. Kd2 b3 45. Nd1 Nxd3 46. Kxd3
b2 47. Nc3+ Ka1 48. c5 dxc5 49. Kc4 Bd5+ 50. Kxc5 Ba8 51. b6 b1=Q 52. Nxb1 Kxb1
53. h4 Kc2 54. g5 hxg5 55. hxg5 Kd3 56. Kd6 0-1

[Event "38. Open Ciudad de San Sebastián"]
[Site "San Sebastián ESP"]
[Date "2015.03.29"]
[Round "3.24"]
[White "Andres Gonzalez, Alberto"]
[Black "Llano Olabarrieta, Joseba"]
[Result "1-0"]
[WhiteElo "2515"]
[BlackElo "1958"]
[PlyCount "99"]
[EventDate "2015.03.28"]
[EventType "swiss"]
[EventRounds "9"]
[EventCountry "ESP"]
[Source "lmi"]
[SourceDate "2015.03.28"]

1. Nf3 c5 2. c4 Nc6 3. Nc3 e5 4. g3 g6 5. Bg2 Bg7 6. d3 Nge7 7. O-O O-O 8. a3
d6 9. Bd2 h6 10. b4 cxb4 11. axb4 Nxb4 12. Qb3 Nbc6 13. Rfb1 Rb8 14. Ne1 Be6
15. Nd5 f5 16. Nxe7+ Nxe7 17. Rxa7 d5 18. cxd5 Bxd5 19. Bxd5+ Qxd5 20. Rxb7
Rxb7 21. Qxb7 Qxb7 22. Rxb7 Nd5 23. e4 Nf6 24. f3 Re8 25. Kf2 Rf8 26. Ke2 Rf7
27. Rb8+ Rf8 28. Rb6 Re8 29. Ng2 fxe4 30. fxe4 Kf7 31. Nh4 Re7 32. Nf3 Nd7 33.
Ra6 Nb8 34. Rb6 Nd7 35. Rb5 Re6 36. Bc3 Re7 37. Rb7 Ke8 38. Ra7 Re6 39. Nd2 Bf8
40. Nc4 Bc5 41. Ra8+ Kf7 42. Ra5 Kf6 43. h3 Re8 44. Rb5 Bf8 45. Rd5 Re7 46. Ba5
Rf7 47. Bc7 Bb4 48. Nxe5 Nxe5 49. Bxe5+ Ke6 50. Rb5 1-0

[Event "38. Open Ciudad de San Sebastián"]
[Site "San Sebastián ESP"]
[Date "2015.03.29"]
[Round "3.25"]
[White "Chabanon, Jean-luc"]
[Black "Izquierdo Arruferia, Joseba"]
[Result "1-0"]
[WhiteElo "2491"]
[BlackElo "1857"]
[PlyCount "43"]
[EventDate "2015.03.28"]
[EventType "swiss"]
[EventRounds "9"]
[EventCountry "ESP"]
[Source "lmi"]
[SourceDate "2015.03.28"]

1. d4 Nf6 2. c4 e5 3. dxe5 Ng4 4. Bf4 Nc6 5. Nf3 Bb4+ 6. Nc3 Bxc3+ 7. bxc3 Qe7
8. Qd5 f6 9. exf6 Nxf6 10. Qd1 d6 11. e3 O-O 12. Bd3 Bg4 13. h3 Bh5 14. Rb1 b6
15. Be2 Ne4 16. Qd5+ Bf7 17. Qxc6 Nxc3 18. Rb3 Be8 19. Qxa8 Ba4 20. Qxf8+ Kxf8
21. Rxc3 Qf6 22. Kd2 1-0

[Event "38. Open Ciudad de San Sebastián"]
[Site "San Sebastián ESP"]
[Date "2015.03.29"]
[Round "3.26"]
[White "Galego, Luis"]
[Black "Vargas Drechsler, Carlos"]
[Result "1-0"]
[WhiteElo "2461"]
[BlackElo "1848"]
[PlyCount "39"]
[EventDate "2015.03.28"]
[EventType "swiss"]
[EventRounds "9"]
[EventCountry "ESP"]
[Source "lmi"]
[SourceDate "2015.03.28"]

1. e4 c6 2. d4 d5 3. e5 Bf5 4. Nf3 e6 5. Bd3 Bxd3 6. Qxd3 Qa5+ 7. Nbd2 Qa6 8.
c4 dxc4 9. Nxc4 Bb4+ 10. Bd2 Bxd2+ 11. Nfxd2 Nh6 12. Nd6+ Ke7 13. N2c4 Nd7 14.
O-O Nb6 15. b3 Nxc4 16. bxc4 Nf5 17. Rab1 Rhb8 18. Rb3 Qxa2 19. Ra3 Qb2 20. Rb1
1-0

[Event "38. Open Ciudad de San Sebastián"]
[Site "San Sebastián ESP"]
[Date "2015.03.29"]
[Round "3.28"]
[White "Hernansanz Lorenzo, Iker"]
[Black "Borsos, Bogdan"]
[Result "0-1"]
[WhiteElo "1806"]
[BlackElo "2202"]
[PlyCount "20"]
[EventDate "2015.03.28"]
[EventType "swiss"]
[EventRounds "9"]
[EventCountry "ESP"]
[Source "lmi"]
[SourceDate "2015.03.28"]

1. d4 d5 2. c4 e6 3. g3 c5 4. Bg2 cxd4 5. cxd5 Nf6 6. dxe6 fxe6 7. Bg5 Qa5+ 8.
Nd2 Ne4 9. Bf4 Nxd2 10. Bxd2 Bb4 0-1

[Event "38. Open Ciudad de San Sebastián"]
[Site "San Sebastián ESP"]
[Date "2015.03.29"]
[Round "3.29"]
[White "Henderson De La Fuente, Lance"]
[Black "Prado Lobo, Jonas"]
[Result "1/2-1/2"]
[WhiteElo "2162"]
[BlackElo "1847"]
[PlyCount "73"]
[EventDate "2015.03.28"]
[EventType "swiss"]
[EventRounds "9"]
[EventCountry "ESP"]
[Source "lmi"]
[SourceDate "2015.03.28"]

1. e4 e6 2. d4 d5 3. Nd2 c5 4. exd5 Qxd5 5. Ngf3 cxd4 6. Bc4 Qd6 7. O-O Nf6 8.
Nb3 Nc6 9. Nbxd4 Nxd4 10. Qxd4 Qxd4 11. Nxd4 Bd7 12. Bf4 Rc8 13. Be2 Bc5 14.
Nb3 Bb6 15. c3 Ke7 16. Bf3 Bc6 17. Bxc6 Rxc6 18. Rad1 Rd8 19. Rxd8 Kxd8 20.
Rd1+ Ke7 21. Kf1 Bc7 22. Bxc7 Rxc7 23. Ke2 Ng4 24. f3 Ne5 25. Nd4 a6 26. f4 Nc4
27. b3 Nd6 28. c4 b5 29. cxb5 axb5 30. a4 bxa4 31. bxa4 Rc4 32. a5 Ra4 33. Nc6+
Kd7 34. Nb8+ Kc7 35. Na6+ Kc6 36. Nb8+ Kc7 37. Na6+ 1/2-1/2

[Event "38. Open Ciudad de San Sebastián"]
[Site "San Sebastián ESP"]
[Date "2015.03.29"]
[Round "3.30"]
[White "Vinal Gutierrez, Pedro"]
[Black "Sanchez Ruesga, Carlos"]
[Result "1-0"]
[WhiteElo "2100"]
[BlackElo "1842"]
[PlyCount "89"]
[EventDate "2015.03.28"]
[EventType "swiss"]
[EventRounds "9"]
[EventCountry "ESP"]
[Source "lmi"]
[SourceDate "2015.03.28"]

1. d4 f5 2. Nc3 Nf6 3. Bg5 e6 4. e4 fxe4 5. Nxe4 Be7 6. Bxf6 Bxf6 7. Qh5+ g6 8.
Qh6 d5 9. Nxf6+ Qxf6 10. Nf3 Nc6 11. Bb5 Bd7 12. Bxc6 Bxc6 13. O-O O-O-O 14.
Rfe1 Rdf8 15. Re5 Bd7 16. Rae1 Qf4 17. Qxf4 Rxf4 18. c3 h6 19. R5e2 c6 20. Ne5
Rf6 21. f3 Kc7 22. b4 g5 23. a4 a5 24. Rb2 axb4 25. Rxb4 Bc8 26. a5 Rh7 27.
Reb1 Kd6 28. Rb6 Rc7 29. Nd3 Rff7 30. Re1 Rf6 31. Kf2 Rg7 32. g4 Rgf7 33. Ne5
Rc7 34. h4 gxh4 35. Rh1 Ke7 36. Rxh4 Kd6 37. Rh1 Ke7 38. Kg3 c5 39. g5 hxg5 40.
Rh7+ Kd8 41. Rd6+ Bd7 42. Rh8+ Ke7 43. Rxd7+ Rxd7 44. Rh7+ Ke8 45. Nxd7 1-0

[Event "38. Open Ciudad de San Sebastián"]
[Site "San Sebastián ESP"]
[Date "2015.03.29"]
[Round "3.31"]
[White "Perez Calahorra, Ricardo"]
[Black "Vicente Ezeiza, Mikel"]
[Result "1-0"]
[WhiteElo "2090"]
[BlackElo "1806"]
[PlyCount "53"]
[EventDate "2015.03.28"]
[EventType "swiss"]
[EventRounds "9"]
[EventCountry "ESP"]
[Source "lmi"]
[SourceDate "2015.03.28"]

1. Nf3 Nf6 2. b3 g6 3. Bb2 Bg7 4. g4 O-O 5. g5 Ne4 6. Bxg7 Kxg7 7. d3 Nc5 8.
Qd2 d5 9. Qc3+ e5 10. Qxc5 b6 11. Qc3 d4 12. Qb2 Nd7 13. Nbd2 Bb7 14. Rg1 a5
15. a4 Qe7 16. h4 c5 17. Bh3 Rae8 18. O-O-O Bd5 19. e3 Qd6 20. h5 Qc6 21. e4
Be6 22. Bxe6 fxe6 23. Rg3 b5 24. axb5 Qxb5 25. Nc4 a4 26. Nd6 Qb4 27. Nxe8+ 1-0

[Event "38. Open Ciudad de San Sebastián"]
[Site "San Sebastián ESP"]
[Date "2015.03.29"]
[Round "3.32"]
[White "Alfaro Garcia Del Cerro, Juan"]
[Black "Sacristan Latorre, Alberto"]
[Result "1/2-1/2"]
[WhiteElo "1802"]
[BlackElo "2021"]
[PlyCount "55"]
[EventDate "2015.03.28"]
[EventType "swiss"]
[EventRounds "9"]
[EventCountry "ESP"]
[Source "lmi"]
[SourceDate "2015.03.28"]

1. d4 Nf6 2. c4 g6 3. Nc3 Bg7 4. e4 d6 5. Nf3 O-O 6. h3 Nbd7 7. Bg5 e5 8. d5 a5
9. Be2 Nc5 10. Nd2 h6 11. Be3 Ne8 12. g4 f5 13. f3 fxe4 14. Ndxe4 Nxe4 15. fxe4
Qh4+ 16. Kd2 Bf6 17. Qe1 Qxe1+ 18. Rhxe1 Bh4 19. Rf1 Rxf1 20. Rxf1 Kg7 21. Bd1
Bd7 22. Ba4 Bxa4 23. Nxa4 Nf6 24. Nc3 Re8 25. Bf2 Bg5+ 26. Be3 Bh4 27. Bf2 Bg5+
28. Be3 1/2-1/2

[Event "38. Open Ciudad de San Sebastián"]
[Site "San Sebastián ESP"]
[Date "2015.03.29"]
[Round "3.33"]
[White "Garcia Mtez De La Hidalga, Alb"]
[Black "Rodmacq, Clement"]
[Result "0-1"]
[WhiteElo "1785"]
[BlackElo "2021"]
[PlyCount "82"]
[EventDate "2015.03.28"]
[EventType "swiss"]
[EventRounds "9"]
[EventCountry "ESP"]
[Source "lmi"]
[SourceDate "2015.03.28"]

1. d4 Nf6 2. c4 e5 3. dxe5 Ne4 4. Nf3 b6 5. Qd5 Bb7 6. Qxb7 Nc6 7. Be3 Bb4+ 8.
Nfd2 a5 9. g3 Ra7 10. Qxa7 Nxa7 11. Bg2 Nxd2 12. Nxd2 Nc6 13. O-O O-O 14. Nf3
h6 15. Rfd1 Qe7 16. Rd5 Bc5 17. Bxc5 bxc5 18. Rad1 Rd8 19. Nh4 Nxe5 20. Nf5 Qf6
21. Ne3 d6 22. b3 Rb8 23. R5d2 a4 24. Nd5 Qd8 25. Be4 axb3 26. axb3 Rxb3 27.
Ra2 Rb8 28. Ra7 c6 29. Ne7+ Kf8 30. Nxc6 Nxc6 31. Bxc6 Qb6 32. Rd7 Qxc6 33.
R7xd6 Qe4 34. R6d2 g6 35. Rc1 Rb1 36. Rxb1 Qxb1+ 37. Kg2 Qe4+ 38. f3 Qxc4 39.
Kf2 Qc1 40. Rd5 c4 41. Rc5 c3 0-1

[Event "38. Open Ciudad de San Sebastián"]
[Site "San Sebastián ESP"]
[Date "2015.03.29"]
[Round "3.39"]
[White "Fernandez Zubitur, Jokin"]
[Black "Cantabrana Garona, Alejandro"]
[Result "1-0"]
[WhiteElo "1991"]
[BlackElo "1773"]
[PlyCount "47"]
[EventDate "2015.03.28"]
[EventType "swiss"]
[EventRounds "9"]
[EventCountry "ESP"]
[Source "lmi"]
[SourceDate "2015.03.28"]

1. e4 g6 2. d4 d6 3. Nc3 Bg7 4. Be3 a6 5. a4 b6 6. Nf3 Nd7 7. Bc4 e6 8. O-O Ne7
9. Qd2 O-O 10. Bh6 c6 11. Bxg7 Kxg7 12. d5 cxd5 13. exd5 e5 14. h4 f5 15. Ng5
Nf6 16. Rad1 Qc7 17. Bb3 h6 18. Nf3 f4 19. Nxe5 Nf5 20. Nf3 Nh5 21. Ne2 Qd8 22.
Nxf4 Nxh4 23. Nxh5+ gxh5 24. Qd4+ 1-0

[Event "38. Open Ciudad de San Sebastián"]
[Site "San Sebastián ESP"]
[Date "2015.03.29"]
[Round "3.40"]
[White "Calleja Morales, Daniel"]
[Black "Eizaguerri Floris, Maria"]
[Result "1-0"]
[WhiteElo "1759"]
[BlackElo "1972"]
[PlyCount "61"]
[EventDate "2015.03.28"]
[EventType "swiss"]
[EventRounds "9"]
[EventCountry "ESP"]
[Source "lmi"]
[SourceDate "2015.03.28"]

1. e4 c5 2. Nf3 e6 3. d4 cxd4 4. Nxd4 Nf6 5. Bd3 Nc6 6. Nxc6 bxc6 7. O-O d5 8.
e5 Nd7 9. Bf4 g6 10. Nd2 Bg7 11. Nf3 O-O 12. Re1 Qb6 13. Rb1 Bb7 14. Qd2 Rfc8
15. Bh6 a6 16. h4 Qc7 17. Bxg7 Kxg7 18. h5 c5 19. h6+ Kg8 20. Qf4 Bc6 21. Nh2
Bb5 22. Ng4 Qd8 23. Rbd1 Rab8 24. c4 Bc6 25. cxd5 Bxd5 26. Bc4 Rc6 27. Rxd5
exd5 28. Bxd5 Re6 29. Bxe6 fxe6 30. Rd1 Rxb2 31. Nf6+ 1-0

[Event "38. Open Ciudad de San Sebastián"]
[Site "San Sebastián ESP"]
[Date "2015.03.29"]
[Round "3.41"]
[White "Henderson De La Fuente, Andrea"]
[Black "Maqseed, Nasser"]
[Result "1-0"]
[WhiteElo "1751"]
[BlackElo "1963"]
[PlyCount "59"]
[EventDate "2015.03.28"]
[EventType "swiss"]
[EventRounds "9"]
[EventCountry "ESP"]
[Source "lmi"]
[SourceDate "2015.03.28"]

1. e4 c5 2. Nc3 Nc6 3. g3 g6 4. Bg2 Bg7 5. f4 e6 6. Nf3 Nge7 7. d3 O-O 8. O-O
d6 9. g4 f5 10. h3 Rb8 11. Ne2 b5 12. Ng3 Bd7 13. c3 b4 14. Qc2 bxc3 15. bxc3
Qa5 16. Bd2 Rb6 17. Rab1 Rfb8 18. Rxb6 Qxb6 19. gxf5 gxf5 20. Qd1 Qb2 21. Nh5
Bh8 22. Qe1 h6 23. e5 d5 24. Nf6+ Bxf6 25. exf6 Ng6 26. Ne5 Ncxe5 27. fxe5 Kh7
28. Qe3 f4 29. Rxf4 Rg8 30. Rf1 1-0

[Event "38. Open Ciudad de San Sebastián"]
[Site "San Sebastián ESP"]
[Date "2015.03.29"]
[Round "3.44"]
[White "Rull Costa, Baltasar"]
[Black "Alkhaldi, Bader"]
[Result "1/2-1/2"]
[WhiteElo "1747"]
[BlackElo "1942"]
[PlyCount "81"]
[EventDate "2015.03.28"]
[EventType "swiss"]
[EventRounds "9"]
[EventCountry "ESP"]
[Source "lmi"]
[SourceDate "2015.03.28"]

1. e4 c5 2. c3 Nf6 3. e5 Nd5 4. d4 cxd4 5. Nf3 Nc6 6. cxd4 d6 7. Bc4 Nb6 8. Bb3
dxe5 9. dxe5 Na5 10. Nc3 Nxb3 11. Qxb3 f6 12. Be3 Bd7 13. O-O Qc7 14. Rac1 Qc4
15. Qd1 Qb4 16. a3 Qg4 17. Bxb6 axb6 18. Qb3 g6 19. Rfd1 Bh6 20. Rb1 Ra6 21.
Nd2 Ba4 22. Nxa4 Rxa4 23. Qxb6 Rd4 24. f3 Be3+ 25. Kh1 Qd7 26. Rdc1 Bxd2 27.
Rc7 Qd8 28. Qxb7 Kf7 29. b4 Rd5 30. Rc8 Qd6 31. Rxh8 Bc1 32. Qxd5+ Qxd5 33.
Rxc1 h5 34. Rhc8 h4 35. h3 g5 36. R8c5 Qd4 37. b5 f5 38. b6 g4 39. fxg4 fxg4
40. R5c4 Qxb6 41. Rxg4 1/2-1/2